[Event "20ème Open international de La Réunion"]
[Site "Salle des fêtes de Bellepierre"]
[Date "2018.10.21"]
[Round "9.2"]
[White "Ramasindraibe, Girard"]
[Black "Quere, Alexandre"]
[Result "1-0"]
[WhiteElo "2073"]
[BlackElo "2087"]
[PlyCount "79"]
[EventDate "2018.??.??"]

1. Nf3 Nf6 2. d4 g6 3. g3 Bg7 4. Bg2 O-O 5. O-O d6 6. c4 Nbd7 7. Bg5 h6 8. Bf4
e5 9. dxe5 Nh5 10. Bd2 dxe5 11. Qc1 Kh7 12. Bb4 Re8 13. Rd1 a5 14. Bd2 Qe7 15.
Nc3 f5 16. Nd5 Qd8 17. Be3 Ra6 18. Qc2 Rd6 19. c5 Rc6 20. Rab1 Nhf6 21. Nh4 e4
22. Bh3 Nxd5 23. Rxd5 Qf6 24. Nxg6 Nb6 25. Nf4 Nxd5 26. Nxd5 Qf7 27. Nf4 Qxa2
28. Rd1 Qxb2 29. Qc4 Qc3 30. Qf7 Rf8 31. Qh5 a4 32. Rd5 a3 33. Rxf5 a2 34. Rxf8
a1=Q+ 35. Kg2 Bxh3+ 36. Nxh3 Bxf8 37. Ng5+ Kh8 38. Nf7+ Kg8 39. Qd5 Qf6 40.
Nxh6+ 1-0

[Event "20ème Open international de La Réunion"]
[Site "Salle des fêtes de Bellepierre"]
[Date "2018.10.21"]
[Round "9.3"]
[White "Leveille, Francois"]
[Black "Testud, Philippe"]
[Result "1-0"]
[WhiteElo "2202"]
[BlackElo "2158"]
[PlyCount "65"]
[EventDate "2018.??.??"]

1. e4 c6 2. d4 d5 3. e5 Bf5 4. Nf3 e6 5. Be2 c5 6. Be3 cxd4 7. Nxd4 Ne7 8. Nd2
Nbc6 9. N2f3 Be4 10. O-O Bxf3 11. Nxf3 Qc7 12. c4 dxc4 13. Qa4 Nf5 14. Bxc4
Nxe3 15. fxe3 Bc5 16. Bb5 Bxe3+ 17. Kh1 O-O 18. Rae1 Bh6 19. Qh4 Ne7 20. Bd3
Rad8 21. Bb1 f5 22. a3 Nc6 23. Ba2 Rfe8 24. h3 Qb6 25. b4 Nd4 26. Nxd4 Rxd4 27.
Qh5 Qd8 28. Qxf5 Qe7 29. Rd1 g6 30. Qxe6+ Qxe6 31. Bxe6+ Rxe6 32. Rxd4 Re7 33.
e6 1-0

[Event "20ème Open international de La Réunion"]
[Site "Salle des fêtes de Bellepierre"]
[Date "2018.10.21"]
[Round "9.4"]
[White "Ranaivoharisoa, Alain"]
[Black "Roblet, Charles"]
[Result "1/2-1/2"]
[WhiteElo "2196"]
[BlackElo "2052"]
[PlyCount "72"]
[EventDate "2018.??.??"]

1. e4 c5 2. Nf3 Nc6 3. d4 cxd4 4. Nxd4 Nf6 5. Nc3 e5 6. Ndb5 d6 7. Bg5 a6 8.
Bxf6 gxf6 9. Na3 b5 10. Nd5 f5 11. exf5 Bg7 12. Qh5 O-O 13. f6 Bxf6 14. Bd3 e4
15. Bxe4 Re8 16. Qxh7+ Kf8 17. O-O Bb7 18. Rae1 Bg7 19. c3 Rb8 20. Re3 Qg5 21.
Rg3 Qh6 22. Qxh6 Bxh6 23. Nf6 Red8 24. Re1 Bg7 25. Nh7+ Kg8 26. Bf5 Ne5 27.
Nf6+ Kf8 28. Nh5 Bh8 29. f4 Nc4 30. Nxc4 bxc4 31. Bh7 f5 32. Rg5 Be4 33. Bxf5
d5 34. Be6 Rxb2 35. Rg8+ Ke7 36. Rxd8 Kxd8 1/2-1/2

[Event "20ème Open international de La Réunion"]
[Site "Salle des fêtes de Bellepierre"]
[Date "2018.10.21"]
[Round "9.5"]
[White "Dijoux, Julien"]
[Black "Anilkumar, N R."]
[Result "0-1"]
[WhiteElo "1831"]
[BlackElo "2334"]
[PlyCount "40"]
[EventDate "2018.??.??"]

1. e4 c6 2. d4 d5 3. exd5 cxd5 4. c4 Nf6 5. Nc3 g6 6. Nf3 Bg7 7. Bf4 O-O 8. Rc1
Nc6 9. h3 Bf5 10. a3 Rc8 11. c5 Ne4 12. Be2 Nxc3 13. Rxc3 Be4 14. Be3 b6 15.
Ba6 Bxf3 16. gxf3 Rb8 17. Qa4 Nxd4 18. Bxd4 e5 19. c6 exd4 20. c7 Qe8+ 0-1

[Event "20ème Open international de La Réunion"]
[Site "Salle des fêtes de Bellepierre"]
[Date "2018.10.21"]
[Round "9.6"]
[White "Rajaonson, Andriamahenina"]
[Black "Lorans, Sylvain"]
[Result "0-1"]
[WhiteElo "1822"]
[BlackElo "2177"]
[PlyCount "130"]
[EventDate "2018.??.??"]

1. f4 Nf6 2. Nf3 g6 3. g3 b6 4. Bg2 Bb7 5. d3 d5 6. O-O Bg7 7. e3 O-O 8. Nc3 a6
9. Qe1 b5 10. a3 c5 11. h3 Qc7 12. Ne2 Nbd7 13. g4 e5 14. Qh4 e4 15. Ne1 h6 16.
g5 exd3 17. cxd3 hxg5 18. fxg5 Ne8 19. Nf4 d4 20. Nd5 Qd8 21. e4 Bxd5 22. exd5
Nd6 23. Be4 Nxe4 24. dxe4 Ne5 25. Bf4 Re8 26. Rd1 Ra7 27. Bxe5 Bxe5 28. Nd3 c4
29. Nb4 d3 30. Nc6 Qb6+ 31. Qf2 Qxf2+ 32. Rxf2 Rd7 33. Kg2 Kg7 34. Kf3 Bd6 35.
Rg2 Rh8 36. Rh1 Rh4 37. Rg4 Rxg4 38. hxg4 Bc5 39. Rh2 Rc7 40. e5 Rd7 41. Ke4
Bg1 42. Rg2 Bc5 43. Nb8 Re7 44. Nxa6 Bd6 45. Nb4 Rxe5+ 46. Kd4 Re2 47. Rxe2
dxe2 48. Nc2 Bg3 49. d6 e1=Q 50. Nxe1 Bxe1 51. Kc5 Kf8 52. Kxb5 c3 53. bxc3
Bxc3 54. a4 Ke8 55. Kc6 Kd8 56. Kd5 Kd7 57. Kc5 Be5 58. a5 Bxd6+ 59. Kb5 Bg3
60. a6 Bf2 61. Kc4 Ke6 62. Kd3 Ke5 63. Ke2 Ba7 64. Kf3 Bb6 65. Kg3 Ke4 0-1

[Event "20ème Open international de La Réunion"]
[Site "Salle des fêtes de Bellepierre"]
[Date "2018.10.21"]
[Round "9.7"]
[White "Mezouaghi, Miloud"]
[Black "Larmet, Nino"]
[Result "0-1"]
[WhiteElo "2022"]
[BlackElo "1786"]
[PlyCount "66"]
[EventDate "2018.??.??"]

1. Nf3 d5 2. c4 e6 3. g3 Nf6 4. Bg2 c5 5. O-O Be7 6. b3 O-O 7. Bb2 Nc6 8. d3 b6
9. cxd5 exd5 10. d4 Bb7 11. dxc5 bxc5 12. Nc3 d4 13. Na4 Nb4 14. a3 Nbd5 15.
Rc1 Rc8 16. Ne5 Bd6 17. Nd3 Qe7 18. Rc2 Nd7 19. Qc1 Rc7 20. b4 Rfc8 21. bxc5
Nxc5 22. Naxc5 Bxc5 23. Nxc5 Rxc5 24. Rxc5 Rxc5 25. Qd2 Nc3 26. Re1 Bxg2 27.
Kxg2 Rc8 28. e3 dxe3 29. Rxe3 Qb7+ 30. Kg1 Na4 31. Bd4 h6 32. h3 Rd8 33. Rd3
Qd7 0-1

[Event "20ème Open international de La Réunion"]
[Site "Salle des fêtes de Bellepierre"]
[Date "2018.10.21"]
[Round "9.8"]
[White "Ratsimikatry, Caryl Patrick"]
[Black "Triton, Maxime"]
[Result "0-1"]
[WhiteElo "1782"]
[BlackElo "1941"]
[PlyCount "76"]
[EventDate "2018.??.??"]

1. e4 c5 2. Nc3 e6 3. g3 Nc6 4. Bg2 Nf6 5. d3 Be7 6. Nf3 d5 7. Qe2 a6 8. a4 O-O
9. O-O d4 10. Nb1 Qc7 11. Nbd2 e5 12. c3 Bd7 13. cxd4 cxd4 14. Nc4 b5 15. axb5
axb5 16. Na3 b4 17. Nc2 b3 18. Na3 Rfb8 19. Nh4 Qb7 20. Bg5 h6 21. Bxf6 Bxf6
22. f4 Bxh4 23. gxh4 Qb4 24. Rac1 Qe7 25. Qh5 Nb4 26. Rf3 exf4 27. Bf1 Rxa3 28.
bxa3 Na2 29. Rb1 Nc3 30. Rb2 Na4 31. Rb1 b2 32. Rf2 Rb5 33. Qf3 Qxh4 34. Bg2
Qg4 35. Qxg4 Bxg4 36. Rxf4 Be2 37. Rf5 Rxf5 38. exf5 Bxd3 0-1

[Event "20ème Open international de La Réunion"]
[Site "Salle des fêtes de Bellepierre"]
[Date "2018.10.21"]
[Round "9.9"]
[White "Klein, Gernot"]
[Black "Rebut, Paul"]
[Result "0-1"]
[WhiteElo "1904"]
[BlackElo "1718"]
[PlyCount "118"]
[EventDate "2018.??.??"]

1. e4 c5 2. Nf3 d6 3. d4 cxd4 4. Nxd4 Nf6 5. Nc3 a6 6. Be3 Ng4 7. Bg5 h6 8. Bh4
g5 9. Bg3 Bg7 10. Be2 h5 11. Nf5 Bxf5 12. exf5 Nf6 13. h4 g4 14. O-O Nbd7 15.
Re1 O-O 16. Qd2 Nc5 17. Bf1 b5 18. a3 Rc8 19. Rad1 Re8 20. Bf4 Qd7 21. Bh6 Qxf5
22. Bxg7 Kxg7 23. b4 Nce4 24. Nxe4 Nxe4 25. Rxe4 Qxe4 26. Bd3 Qe5 27. Re1 Qf6
28. Qe3 Rc3 29. Qe4 Rh8 30. g3 Qe5 31. Qxe5+ dxe5 32. Rxe5 Kf6 33. Rg5 Rxa3 34.
Rc5 Ra4 35. Kf1 Rxb4 36. Rc6+ e6 37. Rxa6 Rd8 38. Ke2 Rb1 39. Rb6 b4 40. Rb5
Rd5 41. Rb8 Re5+ 42. Kd2 Ree1 43. Be2 Rg1 44. Rb5 Kg6 45. Rg5+ Kh6 46. Rb5 Rb2
47. Kd3 Rc1 48. Rc5 b3 49. c4 Rxe2 50. Kxe2 b2 51. Rb5 b1=Q 52. Rxb1 Rxb1 53.
Kd3 Kg6 54. Kd4 Kf6 55. c5 e5+ 56. Kd5 Rd1+ 57. Kc6 Rd2 58. Kb7 Rxf2 59. c6 Rc2
0-1

[Event "20ème Open international de La Réunion"]
[Site "Salle des fêtes de Bellepierre"]
[Date "2018.10.21"]
[Round "9.10"]
[White "Frelicot, Eric"]
[Black "Le Maguet, Loan"]
[Result "1-0"]
[WhiteElo "1666"]
[BlackElo "1420"]
[PlyCount "81"]
[EventDate "2018.??.??"]

1. c4 Nf6 2. Nc3 e6 3. e4 Nc6 4. d4 Bb4 5. e5 Ne4 6. Qd3 d5 7. a3 Bxc3+ 8. bxc3
f6 9. f3 Ng5 10. Bxg5 fxg5 11. Qc2 Qe7 12. Bd3 g6 13. Ne2 O-O 14. O-O Bd7 15.
Rab1 Rab8 16. cxd5 exd5 17. c4 Be6 18. cxd5 Bxd5 19. Bc4 Qe6 20. Bxd5 Qxd5 21.
Qb3 Qxb3 22. Rxb3 Rfd8 23. Rc1 Nxd4 24. Nxd4 Rxd4 25. Rxc7 Rd1+ 26. Kf2 Rd2+
27. Kg3 Re2 28. Rbxb7 Rxb7 29. Rxb7 Rxe5 30. Rxa7 h6 31. a4 Re3 32. a5 Ra3 33.
h4 gxh4+ 34. Kxh4 Ra4+ 35. Kg3 g5 36. a6 Kh8 37. Ra8+ Kg7 38. a7 h5 39. Kf2 h4
40. Ke3 Kf7 41. Rh8 1-0

[Event "20ème Open international de La Réunion"]
[Site "Salle des fêtes de Bellepierre"]
[Date "2018.10.21"]
[Round "9.11"]
[White "Pun Chung, Leo"]
[Black "Laoussing, Mathis"]
[Result "1-0"]
[WhiteElo "1458"]
[BlackElo "1421"]
[PlyCount "111"]
[EventDate "2018.??.??"]

1. d4 c5 2. Nf3 cxd4 3. Nxd4 e5 4. Nb5 d5 5. e3 Nf6 6. c4 a6 7. N5a3 Ne4 8.
Qxd5 Qxd5 9. cxd5 Bb4+ 10. Bd2 Nxd2 11. Nxd2 Bxa3 12. bxa3 f5 13. Nc4 Nd7 14.
Nd6+ Ke7 15. Nxf5+ Kf6 16. e4 Nc5 17. Ng3 h5 18. h4 Bd7 19. Be2 g6 20. Kd2 Bb5
21. Rac1 b6 22. Rhf1 Rhc8 23. Ke3 Bxe2 24. Nxe2 Na4 25. Kd2 Nb2 26. Rb1 Nc4+
27. Kd3 b5 28. Rb3 Na5 29. Rc3 Rxc3+ 30. Nxc3 Rc8 31. Rb1 g5 32. hxg5+ Kxg5 33.
a4 bxa4 34. Nxa4 Rc4 35. Nb6 Rd4+ 36. Ke3 Nc4+ 37. Nxc4 Rxc4 38. d6 Kf6 39. Rd1
Rc3+ 40. Ke2 Rc8 41. d7 Rd8 42. Ke3 Ke6 43. f4 Rxd7 44. Rxd7 Kxd7 45. f5 Ke7
46. Kd3 Kf6 47. Kc4 h4 48. Kc5 Kg5 49. Kd5 Kf4 50. f6 Kg3 51. f7 Kxg2 52. f8=Q
h3 53. Qg7+ Kh1 54. Qg3 h2 55. Qf2 a5 56. Qf1# 1-0

[Event "20ème Open international de La Réunion"]
[Site "Salle des fêtes de Bellepierre"]
[Date "2018.10.21"]
[Round "9.12"]
[White "Duprey, Francois-Xavier"]
[Black "Rabe Andrianandrasan, Haingo"]
[Result "1/2-1/2"]
[WhiteElo "1589"]
[BlackElo "1860"]
[PlyCount "57"]
[EventDate "2018.??.??"]

1. c4 e5 2. Nc3 Nf6 3. Nf3 d6 4. g3 Be7 5. Bg2 O-O 6. d4 Nbd7 7. O-O c6 8. b3
e4 9. Ne1 d5 10. cxd5 cxd5 11. f3 Bb4 12. Qc2 Bxc3 13. Qxc3 Nb6 14. Bg5 Re8 15.
Bxf6 gxf6 16. fxe4 dxe4 17. e3 f5 18. Bh3 Qg5 19. Ng2 Be6 20. Qd2 Nd5 21. Qf2
Ne7 22. Rac1 Rac8 23. Qf4 Qh5 24. Qh4 Qe2 25. Rxc8 Bxc8 26. Qg5+ Kf8 27. Qh6+
Kg8 28. Qg5+ Kf8 29. Qh6+ 1/2-1/2

[Event "20ème Open international de La Réunion"]
[Site "Salle des fêtes de Bellepierre"]
[Date "2018.10.21"]
[Round "9.13"]
[White "Andriandaza, Tombo Omar"]
[Black "Ova, Roberto"]
[Result "1-0"]
[WhiteElo "1742"]
[BlackElo "1212"]
[PlyCount "46"]
[EventDate "2018.??.??"]

1. d4 Nf6 2. Bf4 d6 3. Nc3 g6 4. e4 Nbd7 5. Nf3 Bg7 6. Qd2 O-O 7. Bh6 c5 8.
Bxg7 Kxg7 9. e5 dxe5 10. dxe5 Ng4 11. O-O-O Qa5 12. Bc4 Ngxe5 13. Nxe5 Nxe5 14.
Bd5 e6 15. Qf4 Qc7 16. Kb1 Qe7 17. Qxe5+ f6 18. Qe2 Re8 19. Bf3 Rb8 20. Rd2 Rd8
21. Rxd8 Qxd8 22. Rd1 Qc7 23. Nb5 Bd7 1-0

[Event "20ème Open international de La Réunion"]
[Site "Salle des fêtes de Bellepierre"]
[Date "2018.10.21"]
[Round "9.14"]
[White "Rajaobelina, Hery"]
[Black "Desire, Michael"]
[Result "0-1"]
[WhiteElo "1646"]
[BlackElo "1702"]
[PlyCount "104"]
[EventDate "2018.??.??"]

1. e4 c6 2. d4 d5 3. Nd2 dxe4 4. Nxe4 Nd7 5. Nf3 Ngf6 6. Ng3 e6 7. Bd3 Bd6 8.
Ng5 Nb6 9. N5e4 Be7 10. c3 Nbd5 11. O-O Qc7 12. c4 Nxe4 13. Nxe4 Nf6 14. Bg5
Nxe4 15. Bxe7 Nxf2 16. Rxf2 Qxe7 17. Qg4 g6 18. Qe4 Bd7 19. Raf1 f5 20. Qe5
O-O-O 21. d5 Qc5 22. b4 Qf8 23. dxe6 Bxe6 24. Qxe6+ Kb8 25. Qe5+ Ka8 26. Qc3
Qd6 27. Bc2 Qc7 28. Rd1 Rde8 29. Rfd2 Rhf8 30. Rd7 Qf4 31. Qd4 Qb8 32. Rxh7 Rd8
33. Rd7 Rxd7 34. Qxd7 Rh8 35. Qd6 Qe8 36. Qd2 a6 37. Re1 Qb8 38. g3 Qg8 39. Qe2
Qg7 40. Bb3 g5 41. Qf2 f4 42. g4 Qd7 43. Qf3 Qd2 44. Qe2 Qxb4 45. Kg2 Qc3 46.
Kh1 Qh3 47. Qg2 Qc3 48. Rd1 Qe3 49. Ba4 f3 50. Qg3 Qe2 51. Re1 f2 52. Rxe2
f1=Q+ 0-1

[Event "20ème Open international de La Réunion"]
[Site "Salle des fêtes de Bellepierre"]
[Date "2018.10.21"]
[Round "9.15"]
[White "Etheve, Lionel"]
[Black "Padre, Maxime"]
[Result "1-0"]
[WhiteElo "1682"]
[BlackElo "1353"]
[PlyCount "119"]
[EventDate "2018.??.??"]

1. Nf3 c6 2. c4 d5 3. e3 Nf6 4. b3 Bg4 5. Bb2 Nbd7 6. d4 e6 7. Be2 Bd6 8. Nbd2
O-O 9. O-O Re8 10. Re1 e5 11. dxe5 Nxe5 12. cxd5 Nxd5 13. Nc4 Nxc4 14. Bxc4 Nf6
15. h3 Bh5 16. Be2 Qc7 17. Bxf6 gxf6 18. Qc2 Bg6 19. Bd3 Rad8 20. Red1 Qd7 21.
Nd4 Re5 22. Bxg6 hxg6 23. Nf3 Rh5 24. Kf1 Qe7 25. Rd2 Rc5 26. Qd1 Bc7 27. Rxd8+
Qxd8 28. Qxd8+ Bxd8 29. Rd1 Bb6 30. Ke2 Rc2+ 31. Rd2 Rxd2+ 32. Nxd2 Kf8 33. Nc4
Bc7 34. Kd3 Ke7 35. Nd2 b5 36. Ne4 Bb6 37. f3 f5 38. Nc3 Ke6 39. Ne2 c5 40. e4
fxe4+ 41. Kxe4 f5+ 42. Kd3 Ke5 43. g4 Bc7 44. Nc3 a6 45. a3 Ba5 46. Ne2 Be1 47.
Nc1 Kf4 48. Ke2 Bc3 49. Nd3+ Kg3 50. Nxc5 Kxh3 51. gxf5 gxf5 52. Nxa6 Bb2 53.
Nc7 Bxa3 54. Nxb5 Bb4 55. Nd4 f4 56. Kd3 Kg2 57. Ke4 Kf2 58. Kxf4 Bd6+ 59. Ke4
Kg3 60. Nf5+ 1-0

[Event "20ème Open international de La Réunion"]
[Site "Salle des fêtes de Bellepierre"]
[Date "2018.10.21"]
[Round "9.16"]
[White "Hermanns, Luis"]
[Black "Evrin, Selvam"]
[Result "0-1"]
[WhiteElo "1253"]
[BlackElo "1518"]
[PlyCount "68"]
[EventDate "2018.??.??"]

1. d4 d5 2. c4 c6 3. cxd5 cxd5 4. Bf4 Nc6 5. Nc3 Bf5 6. e3 Nf6 7. Nf3 e6 8. Be2
h6 9. h3 Bd6 10. Bxd6 Qxd6 11. O-O O-O 12. Bd3 Ne4 13. Bxe4 Bxe4 14. Nxe4 dxe4
15. Nd2 f5 16. Nb3 Nb4 17. Nd2 Qd5 18. Qb3 Nd3 19. f3 Qxb3 20. Nxb3 exf3 21.
gxf3 b6 22. Rab1 Rac8 23. Rfd1 Nb4 24. a3 Nd5 25. Re1 Rc2 26. h4 f4 27. exf4
Nxf4 28. Nc1 Rf6 29. Kf1 Nd5 30. Re2 Rxf3+ 31. Ke1 Rxe2+ 32. Nxe2 Rh3 33. Kd2
Rxh4 34. Rf1 g5 0-1

[Event "20ème Open international de La Réunion"]
[Site "Salle des fêtes de Bellepierre"]
[Date "2018.10.21"]
[Round "9.17"]
[White "Bah, Ismael"]
[Black "Eric Andriana, Fitia"]
[Result "1-0"]
[WhiteElo "1687"]
[BlackElo "1186"]
[PlyCount "127"]
[EventDate "2018.??.??"]

1. b4 e5 2. a3 d5 3. Bb2 Nd7 4. e3 c6 5. c4 Ngf6 6. cxd5 cxd5 7. d3 Bd6 8. g3
Nb6 9. Bg2 Bd7 10. Nf3 Qe7 11. O-O Na4 12. Qb3 Nxb2 13. Qxb2 O-O 14. Nbd2 Rfc8
15. Rac1 a5 16. Rxc8+ Bxc8 17. bxa5 Bxa3 18. Qxe5 Qxe5 19. Nxe5 Rxa5 20. Ndf3
Ra8 21. Rb1 Rb8 22. Rb3 Be7 23. Nc6 Bd6 24. Nxb8 Bxb8 25. Ra3 Be6 26. Ra8 Nd7
27. d4 f6 28. Bf1 Kf7 29. Bb5 Bd6 30. Ra7 Nf8 31. Rxb7+ Kg6 32. Be8+ Kh6 33.
Kg2 Bf5 34. Kg1 Ba3 35. Nh4 Bg4 36. f3 Be6 37. Kf2 Bc1 38. Bf7 g5 39. Ng2 Bh3
40. Ne1 Be6 41. Bxe6 Nxe6 42. Rb6 Nc7 43. Rxf6+ Kg7 44. Rc6 Bxe3+ 45. Kxe3 Ne8
46. Nd3 Kf7 47. Nb4 Nf6 48. Rxf6+ Kxf6 49. Nxd5+ Ke6 50. Ke4 h6 51. g4 Kd6 52.
Nf6 Ke6 53. Ng8 Kd6 54. Nxh6 Ke6 55. d5+ Kd7 56. Ke5 Ke7 57. d6+ Kd7 58. Nf7
Ke8 59. Ke6 Kf8 60. d7 Kg8 61. d8=Q+ Kg7 62. Qf6+ Kh7 63. Qh6+ Kg8 64. Qh8# 1-0

[Event "20ème Open international de La Réunion"]
[Site "Salle des fêtes de Bellepierre"]
[Date "2018.10.21"]
[Round "9.18"]
[White "Cavillot-Delestage, Raphael"]
[Black "Assie, Joel"]
[Result "0-1"]
[WhiteElo "1009"]
[BlackElo "1381"]
[PlyCount "72"]
[EventDate "2018.??.??"]

1. e4 c6 2. d4 d5 3. e5 Bf5 4. Nf3 e6 5. Nc3 Nd7 6. Be2 h6 7. O-O Bb4 8. Bd2
Ne7 9. a3 Ba5 10. Re1 O-O 11. h3 c5 12. dxc5 Nxc5 13. b4 Bb6 14. bxc5 Bxc5 15.
Bb5 a6 16. Ba4 Rc8 17. Be3 Bh7 18. Bxc5 Rxc5 19. Ne2 b5 20. Bb3 Nc6 21. Ned4
Na5 22. Ra2 Qc7 23. Re2 Rc8 24. Ne1 Qb6 25. Rb2 Nc4 26. Bxc4 Rxc4 27. Nb3 Bf5
28. Nc1 Rc3 29. a4 Rg3 30. Ncd3 Rg5 31. Nf4 Rc4 32. Nfd3 Bxh3 33. axb5 Bg4 34.
Nf3 Bxf3 35. bxa6 Qa7 36. g3 Rh4 0-1

[Event "20ème Open international de La Réunion"]
[Site "Salle des fêtes de Bellepierre"]
[Date "2018.10.21"]
[Round "9.19"]
[White "Fautrel, Pierrick"]
[Black "Muller, Sebastien"]
[Result "1-0"]
[WhiteElo "1176"]
[BlackElo "1397"]
[PlyCount "71"]
[EventDate "2018.??.??"]

1. e4 c5 2. Nf3 g6 3. d4 cxd4 4. Nxd4 Bg7 5. Nc3 Qb6 6. Nb3 d6 7. Be3 Qd8 8.
Qd2 Nc6 9. O-O-O Nf6 10. Bc4 O-O 11. Bh6 Ne5 12. Be2 a5 13. Bxg7 Kxg7 14. f3 a4
15. Nd4 a3 16. b3 Nc6 17. g4 Ne5 18. h4 h5 19. gxh5 Nxh5 20. f4 Nc6 21. Bxh5
gxh5 22. f5 e5 23. fxe6 fxe6 24. Rdg1+ Kf7 25. Nxc6 bxc6 26. Qh6 Ke7 27. Rg7+
Rf7 28. Qg5+ Ke8 29. Qxd8+ Kxd8 30. Rxf7 Ra5 31. Rg1 Ke8 32. Rgg7 Ba6 33. Ra7
Kf8 34. Rh7 Kg8 35. Rhd7 Bc8 36. Rd8# 1-0

[Event "20ème Open international de La Réunion"]
[Site "Salle des fêtes de Bellepierre"]
[Date "2018.10.21"]
[Round "9.20"]
[White "Parame, Bruno"]
[Black "Fondrat, Johan"]
[Result "0-1"]
[WhiteElo "1399"]
[BlackElo "1499"]
[PlyCount "32"]
[EventDate "2018.??.??"]

1. c4 e5 2. Nf3 Nc6 3. e4 Nf6 4. Nc3 Bc5 5. h3 d6 6. Be2 O-O 7. O-O Re8 8. a3
a5 9. d3 Be6 10. Ng5 h6 11. Nxe6 Rxe6 12. Bg4 Nxg4 13. Qxg4 Rg6 14. Qd1 Qh4 15.
Qe1 Qxh3 16. g3 Rxg3# 0-1

[Event "20ème Open international de La Réunion"]
[Site "Salle des fêtes de Bellepierre"]
[Date "2018.10.21"]
[Round "9.21"]
[White "Bosi-Lagarde, Arthur"]
[Black "Mablouke, Ulrich"]
[Result "0-1"]
[WhiteElo "1110"]
[BlackElo "1460"]
[PlyCount "50"]
[EventDate "2018.??.??"]

1. e4 e5 2. Nf3 d5 3. exd5 e4 4. Ng1 c6 5. dxc6 Nxc6 6. Nc3 Nf6 7. f3 Bc5 8.
fxe4 Bxg1 9. Rxg1 O-O 10. d3 Qd4 11. Ne2 Qb6 12. Bg5 Bg4 13. Rh1 Nd4 14. Be3
Nxc2+ 15. Qxc2 Qxe3 16. h3 Rac8 17. Qd2 Qxd2+ 18. Kxd2 Bxe2 19. Bxe2 Rfd8 20.
Rac1 Nxe4+ 21. Ke3 Ng3 22. Rhd1 Re8+ 23. Kf3 Rxc1 24. Rxc1 Nxe2 25. g4 Nxc1 0-1

[Event "20ème Open international de La Réunion"]
[Site "Salle des fêtes de Bellepierre"]
[Date "2018.10.21"]
[Round "9.22"]
[White "Mohamed, Keziah"]
[Black "Alfonsi, Romain"]
[Result "0-1"]
[WhiteElo "1070"]
[BlackElo "1173"]
[PlyCount "84"]
[EventDate "2018.??.??"]

1. e4 e5 2. f4 d6 3. Nf3 Nf6 4. Nc3 Nc6 5. Bc4 Bg4 6. O-O Nd4 7. d3 Nxf3+ 8.
Rxf3 Bxf3 9. Qxf3 g6 10. Be3 Qd7 11. a4 Qg4 12. b4 Qxf3 13. gxf3 Bh6 14. Ne2
Nh5 15. d4 Nxf4 16. Ra3 Nxe2+ 17. Bxe2 Bxe3+ 18. Rxe3 exd4 19. Rd3 c5 20. b5 b6
21. Kg2 O-O 22. Kg3 Rfe8 23. Kf4 f5 24. c3 fxe4 25. fxe4 d5 26. Bf3 dxc3 27.
Rxc3 dxe4 28. Bxe4 Rf8+ 29. Kg3 Rad8 30. Kg4 Rd4 31. Re3 Rxa4 32. Kg3 Re8 33.
Bd5+ Kf8 34. Rf3+ Kg7 35. Rf7+ Kh6 36. h4 Re3+ 37. Rf3 Rxf3+ 38. Bxf3 Ra3 39.
Kg4 Rb3 40. Bc6 Rb4+ 41. Kh3 c4 42. Kg3 c3 0-1

[Event "20ème Open international de La Réunion"]
[Site "Salle des fêtes de Bellepierre"]
[Date "2018.10.21"]
[Round "9.23"]
[White "Fautrel, Sebastien"]
[Black "Alex-Geerjanan, Nils"]
[Result "1-0"]
[WhiteElo "1110"]
[BlackElo "1015"]
[PlyCount "97"]
[EventDate "2018.??.??"]

1. c4 c5 2. Nf3 Nc6 3. Nc3 Nf6 4. g3 d6 5. Bg2 Bg4 6. e3 Ne5 7. O-O Nxc4 8.
Qa4+ Qd7 9. Qxc4 Bh3 10. Bxh3 Qxh3 11. Ng5 Qh5 12. Qb5+ Kd8 13. h4 h6 14. Nge4
Ng4 15. Qe2 Nf6 16. Qxh5 Nxh5 17. g4 Nf6 18. Nxf6 exf6 19. f4 Be7 20. f5 g6 21.
Nd5 Kd7 22. Nxe7 Kxe7 23. e4 Rh7 24. b3 g5 25. h5 Re8 26. Re1 b5 27. Bb2 Kd7
28. Bxf6 c4 29. Kg2 cxb3 30. axb3 Rc8 31. e5 dxe5 32. Rxe5 Rc6 33. Rxa7+ Kd6
34. d4 Rc2+ 35. Kf3 Rc3+ 36. Re3 Rxe3+ 37. Kxe3 Kc6 38. Ke4 b4 39. Ke5 Kb6 40.
Re7 Kc6 41. d5+ Kc5 42. d6 Kb5 43. d7 Kc5 44. d8=Q Rh8 45. Qd5+ Kb6 46. Qd6+
Kb5 47. Rb7+ Ka5 48. Qxb4+ Ka6 49. Qb6# 1-0

[Event "20ème Open international de La Réunion"]
[Site "Salle des fêtes de Bellepierre"]
[Date "2018.10.21"]
[Round "9.24"]
[White "Leost, Joel"]
[Black "Sandjivy, Jean Marc"]
[Result "1-0"]
[WhiteElo "1350"]
[BlackElo "1271"]
[PlyCount "121"]
[EventDate "2018.??.??"]

1. e4 Nc6 2. Bc4 Nf6 3. Nc3 g6 4. Nf3 Bg7 5. d4 d6 6. Be3 e5 7. d5 Ne7 8. O-O
O-O 9. a3 c6 10. Be2 cxd5 11. exd5 b6 12. Bg5 e4 13. Bxf6 exf3 14. Bxg7 fxe2
15. Qxe2 Kxg7 16. Rad1 h5 17. Qd3 Bf5 18. Qd4+ Kg8 19. Rd2 Re8 20. f3 Kf8 21.
Re2 Ng8 22. Rfe1 Rxe2 23. Rxe2 Qf6 24. Qf2 h4 25. Qe1 g5 26. h3 Bd7 27. b3 Nh6
28. Ne4 Qd4+ 29. Kh1 Qxd5 30. Nf6 Qf5 31. Qa1 Bb5 32. c4 Bc6 33. Nh5 Qg6 34.
Qh8+ Ng8 35. Re3 Re8 36. Rxe8+ Kxe8 37. Ng7+ Kf8 38. Nh5 Ke7 39. Kg1 d5 40.
Qe5+ Qe6 41. Qxg5+ Kf8 42. Qg7+ Ke7 43. Qxg8 dxc4 44. Qg5+ Kd7 45. bxc4 Qxc4
46. Qd2+ Kc7 47. Qf4+ Qxf4 48. Nxf4 a5 49. Kf2 b5 50. Ke3 b4 51. axb4 axb4 52.
Nd3 b3 53. Kd2 Kd6 54. Kc3 Bd5 55. Nf4 f5 56. Ng6 Kc5 57. Nxh4 Kb5 58. Nxf5 Ka4
59. Kb2 Be6 60. g4 Kb5 61. Nd4+ 1-0

[Event "20ème Open international de La Réunion"]
[Site "Salle des fêtes de Bellepierre"]
[Date "2018.10.21"]
[Round "9.25"]
[White "Hoareau-Fontaine, Clement"]
[Black "Sandjivy, Yann"]
[Result "1-0"]
[WhiteElo "1130"]
[BlackElo "1010"]
[PlyCount "51"]
[EventDate "2018.??.??"]

1. e4 e5 2. f4 d6 3. Nf3 Nc6 4. Nc3 Bg4 5. h3 Bxf3 6. Qxf3 Nd4 7. Qd1 d5 8. Bd3
dxe4 9. Bxe4 Bb4 10. Qh5 Nf6 11. Qxe5+ Qe7 12. Qxd4 Bxc3 13. Qa4+ c6 14. dxc3
Nxe4 15. Qb4 c5 16. Qa4+ Kf8 17. O-O Rb8 18. b4 b5 19. Qa3 a6 20. Qxa6 Ng3 21.
Rf3 Qe1+ 22. Kh2 Rd8 23. Rxg3 Rd1 24. Re3 Qh1+ 25. Kg3 Rxc1 26. Qa8# 1-0

[Event "20ème Open international de La Réunion"]
[Site "Salle des fêtes de Bellepierre"]
[Date "2018.10.21"]
[Round "9.26"]
[White "Erudel, Irina"]
[Black "Erudel, Maeva"]
[Result "0-1"]
[WhiteElo "1009"]
[BlackElo "1009"]
[PlyCount "102"]
[EventDate "2018.??.??"]

1. e4 e5 2. Nf3 Nc6 3. Bc4 h6 4. Nc3 Nf6 5. O-O d6 6. d3 Bg4 7. h3 Bh5 8. Be3
Be7 9. Nb5 a6 10. a3 axb5 11. Bxb5 O-O 12. Bc4 Nd4 13. Qc1 Nxf3+ 14. gxf3 Bxf3
15. Re1 c6 16. b4 b5 17. Bb3 c5 18. bxc5 dxc5 19. a4 b4 20. Bc4 Bd6 21. a5 Rxa5
22. Rb1 Ra8 23. Bb5 Ra5 24. Bc4 Bh5 25. Rb2 Ra8 26. Rb3 Nd7 27. Bb5 Nb6 28. Rb2
c4 29. Bxb6 Qxb6 30. Bxc4 b3 31. cxb3 Ba3 32. Qb1 Bxb2 33. Qxb2 Rfe8 34. Re3
Kf8 35. b4 Qd4 36. Qb3 Ra1+ 37. Kh2 Raa8 38. Rg3 Qxf2+ 39. Rg2 Qf3 40. Rc2 Qd1
41. Rf2 Qxb3 42. Bxb3 Rab8 43. Rxf7+ Bxf7 44. Bd1 Rxb4 45. Bf3 Rd8 46. d4 Rb3
47. Bg4 Rxd4 48. Bc8 Rxe4 49. Kg2 Re2+ 50. Kf1 Ra2 51. Ke1 Rb1# 0-1